[Event "Faaker See op 27th"]
[Site "Latschach (13.8.-20.8)"]
[Date "2011.08.16"]
[Round "5.18"]
[White "Skok, Joze"]
[Black "Huber, Edwin(70)"]
[Result "1-0"]
[WhiteElo "2004"]
[BlackElo "2113"]
[PlyCount "71"]
[EventDate "2011.08.13"]
[EventType "swiss"]
[EventRounds "9"]
[EventCountry "AUT"]
[WhiteTeam "SLO (Slowenien)"]
[BlackTeam "Ilmmünster SV"]
[WhiteTeamCountry "SLO"]
[BlackTeamCountry "GER"]

1. e4 g6 2. d4 Bg7 3. Nc3 d6 4. Bc4 Nf6 5. Qe2 Nc6 6. Nf3 Bg4 7. Be3 e5 8. Bb5
Nd7 9. Bxc6 bxc6 10. d5 cxd5 11. Nxd5 Nb6 12. Qb5+ Bd7 13. Qd3 Nxd5 14. Qxd5
O-O 15. O-O h6 16. c4 Be6 17. Qc6 Qd7 18. Qxd7 Bxd7 19. c5 f5 20. cxd6 fxe4 21.
Nd2 cxd6 22. Nxe4 d5 23. Nc5 Bf5 24. f3 Rfc8 25. Rac1 g5 26. g4 Bg6 27. Ne6 d4
28. Bd2 Bf6 29. Nc7 Rab8 30. b3 Bf7 31. Na6 Rxc1 32. Rxc1 Rb6 33. Rc8+ Kg7 34.
Nc5 Bd5 35. Rc7+ Kg6 36. Nd7 1-0

[Event "Faaker See op 27th"]
[Site "Latschach (13.8.-20.8)"]
[Date "2011.08.16"]
[Round "5.19"]
[White "Koch, Markus(06.76)"]
[Black "Kainz, Josef Dr"]
[Result "1-0"]
[WhiteElo "2135"]
[BlackElo "1988"]
[PlyCount "43"]
[EventDate "2011.08.13"]
[EventType "swiss"]
[EventRounds "9"]
[EventCountry "AUT"]
[WhiteTeam "Frankfurt-Brett vor'm Kopp SC"]
[BlackTeam "AUT (Österreich)"]
[WhiteTeamCountry "GER"]
[BlackTeamCountry "AUT"]

1. d4 c5 2. d5 Nf6 3. c4 b5 4. cxb5 Bb7 5. Nc3 a6 6. b3 Qb6 7. Nf3 g6 8. e4 Bg7
9. a4 O-O 10. a5 Qc7 11. Be2 d6 12. O-O Nbd7 13. h3 c4 14. Nd2 Nc5 15. Qc2 Rac8
16. Nxc4 Ncxe4 17. Nxe4 Bxd5 18. Nxf6+ Bxf6 19. Bh6 Bxc4 20. Bxf8 Kxf8 21. Rfc1
Bg5 22. Qxc4 1-0

[Event "Faaker See op 27th"]
[Site "Latschach (13.8.-20.8)"]
[Date "2011.08.16"]
[Round "5.21"]
[White "Roescheisen, Markus"]
[Black "Sorcnik, Franc"]
[Result "1/2-1/2"]
[WhiteElo "1977"]
[BlackElo "2113"]
[PlyCount "89"]
[EventDate "2011.08.13"]
[EventType "swiss"]
[EventRounds "9"]
[EventCountry "AUT"]
[WhiteTeam "Esslingen-RSK TSV"]
[BlackTeam "SLO (Slowenien)"]
[WhiteTeamCountry "GER"]
[BlackTeamCountry "SLO"]

1. e4 e5 2. Nf3 Nc6 3. Bc4 Bc5 4. c3 Qe7 5. O-O d6 6. d4 Bb6 7. d5 Nb8 8. a4 a6
9. Bg5 Nf6 10. h3 Nbd7 11. Nbd2 h6 12. Be3 Nh7 13. b4 g5 14. Nh2 Ndf8 15. Bxb6
cxb6 16. Be2 Ng6 17. Nc4 Qc7 18. Qd2 Bd7 19. Ne3 Nf6 20. Qc2 Nf4 21. Bg4 Nxg4
22. Nhxg4 Bxg4 23. hxg4 Qxc3 24. Qxc3 Ne2+ 25. Kh2 Nxc3 26. Rac1 Nxe4 27. Rc7
h5 28. gxh5 Rxh5+ 29. Kg1 Rb8 30. Nf5 Rh7 31. Rfc1 Kd8 32. f3 Nc5 33. Re7 Nd7
34. g3 a5 35. f4 gxf4 36. gxf4 axb4 37. fxe5 dxe5 38. d6 Nc5 39. d7 Rh5 40.
Rxf7 Rg5+ 41. Kf1 Nxd7 42. Rd1 Rxf5+ 43. Rxf5 Ke7 44. Rh5 Nc5 45. Rxe5+ 1/2-1/2

[Event "Faaker See op 27th"]
[Site "Latschach (13.8.-20.8)"]
[Date "2011.08.16"]
[Round "5.22"]
[White "Van der Grinten, Bas Dr"]
[Black "Erlbeck, Peter"]
[Result "1/2-1/2"]
[WhiteElo "1928"]
[BlackElo "2096"]
[PlyCount "89"]
[EventDate "2011.08.13"]
[EventType "swiss"]
[EventRounds "9"]
[EventCountry "AUT"]
[WhiteTeam "NED (Niederlande)"]
[BlackTeam "Nürnberg-Süd SW"]
[WhiteTeamCountry "NED"]
[BlackTeamCountry "GER"]

1. e4 c5 2. Nf3 Nc6 3. d4 cxd4 4. Nxd4 Nf6 5. Nc3 e6 6. Bg5 Be7 7. Qd2 h6 8.
Bxf6 Bxf6 9. Ndb5 O-O 10. O-O-O a6 11. Nd6 Qa5 12. Kb1 b5 13. Qe3 b4 14. Nc4
Qc7 15. Na4 Rb8 16. f4 d5 17. exd5 exd5 18. Rxd5 Be6 19. Rd1 Bg4 20. Re1 Bd4
21. Qe4 g6 22. Bd3 Rbd8 23. Rhf1 Bf5 24. Qf3 Bxd3 25. cxd3 Bg7 26. Rc1 Nd4 27.
Qf2 Qc6 28. Ncb6 Qf6 29. Nc4 Qf5 30. Rfd1 Nb5 31. Qf3 Rd4 32. g3 Rb8 33. Ne3
Qd7 34. Nc5 Qd8 35. Nc4 a5 36. Ne5 Nc3+ 37. bxc3 bxc3+ 38. Nb3 Bxe5 39. fxe5 a4
40. Rxc3 axb3 41. Rxb3 Rdb4 42. d4 Rxd4 43. Rxd4 Rxb3+ 44. axb3 Qxd4 45. Qe2
1/2-1/2

[Event "Faaker See op 27th"]
[Site "Latschach (13.8.-20.8)"]
[Date "2011.08.17"]
[Round "6.2"]
[White "Rotstein, Arkadij"]
[Black "Barthel, Ansgar"]
[Result "1-0"]
[WhiteElo "2479"]
[BlackElo "2199"]
[PlyCount "90"]
[EventDate "2011.08.13"]
[EventType "swiss"]
[EventRounds "9"]
[EventCountry "AUT"]
[WhiteTeam "Porz SG"]
[BlackTeam "Pirmasens SC"]
[WhiteTeamCountry "GER"]
[BlackTeamCountry "GER"]

1. c4 e6 2. g3 d5 3. Bg2 c5 4. Nf3 Nc6 5. cxd5 exd5 6. d4 Nf6 7. O-O Be7 8. Nc3
O-O 9. dxc5 Bxc5 10. a3 a6 11. b4 Be7 12. Bb2 Bg4 13. h3 Be6 14. Nd4 Qd7 15.
Nxe6 fxe6 16. Na4 Rad8 17. Rc1 e5 18. Nc5 Bxc5 19. Rxc5 Qe6 20. Qb3 Rd6 21. Rd1
Rfd8 22. Kh2 Kh8 23. e3 e4 24. b5 Ne5 25. Bxe5 Qxe5 26. bxa6 bxa6 27. Rdc1 h5
28. Rc8 h4 29. Qb8 hxg3+ 30. fxg3 Qe8 31. g4 Kh7 32. Qxd6 Rxd6 33. Rxe8 Nxe8
34. g5 Rb6 35. Kg3 Rb3 36. Kf4 Rxa3 37. h4 g6 38. Bh3 Ng7 39. Bg4 Ra2 40. Rc7
Rf2+ 41. Ke5 Kg8 42. Ra7 Nf5 43. h5 Nxe3 44. Be6+ Kh8 45. hxg6 Rh2 1-0

[Event "Faaker See op 27th"]
[Site "Latschach (13.8.-20.8)"]
[Date "2011.08.17"]
[Round "6.3"]
[White "Keller, Manfred(45)"]
[Black "Okhotnik, Vladimir"]
[Result "1/2-1/2"]
[WhiteElo "2170"]
[BlackElo "2455"]
[PlyCount "149"]
[EventDate "2011.08.13"]
[EventType "swiss"]
[EventRounds "9"]
[EventCountry "AUT"]
[WhiteTeam "Pang/Rosenheim SGem"]
[BlackTeam "FRA (Frankreich)"]
[WhiteTeamCountry "GER"]
[BlackTeamCountry "FRA"]

1. Nf3 Nf6 2. b3 e6 3. Bb2 c5 4. e3 d5 5. Bb5+ Bd7 6. Bxd7+ Nbxd7 7. O-O Bd6 8.
d4 cxd4 9. Nxd4 O-O 10. Nd2 Rc8 11. c4 a6 12. Rc1 Re8 13. Qe2 Bb8 14. cxd5 Rxc1
15. Rxc1 exd5 16. Nf5 Qa5 17. a3 Ne5 18. b4 Qd8 19. Ba1 Qd7 20. Ng3 Rc8 21. Qd1
Rxc1 22. Qxc1 h5 23. Nb3 h4 24. Nf1 h3 25. Ng3 Ne4 26. Qd1 hxg2 27. Nxe4 dxe4
28. Qxd7 Nxd7 29. Kxg2 f5 30. h3 Kf7 31. f3 exf3+ 32. Kxf3 g5 33. Bd4 b5 34. e4
Ke6 35. Nc5+ Nxc5 36. exf5+ Kxf5 37. bxc5 Bc7 38. Bf2 a5 39. Be1 a4 40. Bc3 Be5
41. Ba5 Bb2 42. Bb4 Bd4 43. c6 Bb6 44. Bc5 Bc7 45. Be7 Be5 46. Bb4 Ke6 47. Bd2
Kd6 48. Ke4 Bf4 49. Bb4+ Kxc6 50. h4 Bc1 51. hxg5 Bxg5 52. Kd3 Kd5 53. Kc2 Kc4
54. Kb2 Kd3 55. Bf8 Bf6+ 56. Ka2 Bd4 57. Be7 Kc4 58. Bf8 Bc5 59. Bg7 Kd3 60.
Bf6 Kc4 61. Bg7 Kd5 62. Bf6 Bd6 63. Bg7 Ke6 64. Bc3 Kf5 65. Be1 Ke4 66. Bc3 Be5
67. Bb4 Kd5 68. Bf8 Bd6 69. Bg7 Bc5 70. Bf6 Kc4 71. Bg7 Be3 72. Bf6 Bc1 73. Be7
Kc3 74. Bb4+ Kc2 75. Be7 1/2-1/2

[Event "Faaker See op 27th"]
[Site "Latschach (13.8.-20.8)"]
[Date "2011.08.17"]
[Round "6.4"]
[White "Hresc, Vladimir"]
[Black "Fiala, Vaclav"]
[Result "1/2-1/2"]
[WhiteElo "2408"]
[BlackElo "2162"]
[PlyCount "128"]
[EventDate "2011.08.13"]
[EventType "swiss"]
[EventRounds "9"]
[EventCountry "AUT"]
[WhiteTeam "CRO (Kroatien)"]
[BlackTeam "CZE (Tschechien)"]
[WhiteTeamCountry "CRO"]
[BlackTeamCountry "CZE"]

1. e4 c5 2. Nf3 d6 3. d4 cxd4 4. Nxd4 Nf6 5. Nc3 a6 6. Bg5 e6 7. f4 b5 8. a3
Nbd7 9. Qf3 Bb7 10. O-O-O Be7 11. Nb3 Qc7 12. Bd3 Rc8 13. Kb1 Nb6 14. Rhe1 h6
15. Bh4 g5 16. Bf2 gxf4 17. Qxf4 Nfd7 18. Bh4 Ne5 19. Bxe7 Qxe7 20. Na5 Bc6 21.
Be2 Rc7 22. g3 Nc8 23. Na2 Ng6 24. Qe3 Qg5 25. Qd4 Bd7 26. Nb4 Qe5 27. Qe3 Nge7
28. Nd3 Qg5 29. Qd4 Rg8 30. e5 Nf5 31. Qe4 Ne3 32. Rc1 d5 33. Qd4 Ng2 34. Rf1
Qe3 35. Qxe3 Nxe3 36. Rf4 Ne7 37. Bh5 Ng6 38. Bxg6 Rxg6 39. b3 Ke7 40. Kb2 f6
41. b4 fxe5 42. Nxe5 Rf6 43. Nb3 Be8 44. Nc5 Bg6 45. Nxa6 Rxc2+ 46. Rxc2 Bxc2
47. Nc6+ Kf7 48. Nc7 Ba4 49. Nd8+ Ke7 50. Rxf6 Kxf6 51. Ndxe6 Ke5 52. Nf4 d4
53. Nd3+ Kd6 54. Ne8+ Ke7 55. Ng7 Kf6 56. Nh5+ Kf5 57. Nf2 Nc4+ 58. Ka2 Bc2 59.
Nf4 h5 60. h4 Ke5 61. Nxh5 d3 62. Nf4 d2 63. Ne2 d1=Q 64. Nxd1 Bxd1 1/2-1/2

[Event "Faaker See op 27th"]
[Site "Latschach (13.8.-20.8)"]
[Date "2011.08.17"]
[Round "6.5"]
[White "Pakosta, Miroslav"]
[Black "Kukov, Velislav"]
[Result "0-1"]
[WhiteElo "2167"]
[BlackElo "2377"]
[PlyCount "54"]
[EventDate "2011.08.13"]
[EventType "swiss"]
[EventRounds "9"]
[EventCountry "AUT"]
[WhiteTeam "CZE (Tschechien)"]
[BlackTeam "BUL (Bulgarien)"]
[WhiteTeamCountry "CZE"]
[BlackTeamCountry "BUL"]

1. e4 c6 2. Nc3 d5 3. Nf3 Bg4 4. Be2 e6 5. d4 Nf6 6. e5 Nfd7 7. Ng5 Bxe2 8.
Qxe2 Be7 9. Qh5 Bxg5 10. Bxg5 Qa5 11. Bd2 Qa6 12. h4 c5 13. dxc5 Nc6 14. Nxd5
exd5 15. e6 O-O-O 16. exd7+ Rxd7 17. Qg4 Re8+ 18. Kd1 g6 19. Re1 Rxe1+ 20. Bxe1
d4 21. Qe2 d3 22. cxd3 Nd4 23. Qf1 Qa4+ 24. Kd2 Qc2+ 25. Ke3 Ne2 26. Kf3 Qxd3+
27. Kg4 Qf5# 0-1

[Event "Faaker See op 27th"]
[Site "Latschach (13.8.-20.8)"]
[Date "2011.08.17"]
[Round "6.7"]
[White "Van Ginkel, Pieter"]
[Black "Wegerer, Fred"]
[Result "1-0"]
[WhiteElo "2244"]
[BlackElo "2142"]
[PlyCount "69"]
[EventDate "2011.08.13"]
[EventType "swiss"]
[EventRounds "9"]
[EventCountry "AUT"]
[WhiteTeam "Nürnberg-Süd SW"]
[BlackTeam "AUT (Österreich)"]
[WhiteTeamCountry "GER"]
[BlackTeamCountry "AUT"]

1. e4 c6 2. d4 d5 3. Nc3 dxe4 4. Nxe4 Nf6 5. Nxf6+ exf6 6. Nf3 Bd6 7. Be2 O-O
8. O-O Re8 9. Re1 Nd7 10. Bd3 Nf8 11. Rxe8 Qxe8 12. Qe1 Bg4 13. Qxe8 Rxe8 14.
Be3 Bxf3 15. gxf3 Ng6 16. c4 Nh4 17. f4 f5 18. d5 cxd5 19. cxd5 a6 20. Kf1 g5
21. fxg5 Bxh2 22. Bd4 Bf4 23. Bf6 Nf3 24. Bxf5 Bxg5 25. Bc3 Nh4 26. Bh3 Bf4 27.
Re1 Rxe1+ 28. Kxe1 Bd6 29. Bc8 b5 30. Bxa6 b4 31. Bf6 Ng2+ 32. Kd2 Nf4 33. Bc4
Nh5 34. Bd4 f5 35. Bd3 1-0

[Event "Faaker See op 27th"]
[Site "Latschach (13.8.-20.8)"]
[Date "2011.08.17"]
[Round "6.8"]
[White "Meertens, Martin"]
[Black "Posch, Roland"]
[Result "0-1"]
[WhiteElo "2122"]
[BlackElo "2123"]
[PlyCount "64"]
[EventDate "2011.08.13"]
[EventType "swiss"]
[EventRounds "9"]
[EventCountry "AUT"]
[WhiteTeam "Köln-Klub Sfr."]
[BlackTeam "AUT (Österreich)"]
[WhiteTeamCountry "GER"]
[BlackTeamCountry "AUT"]

1. e4 e5 2. Nf3 Nc6 3. Bb5 a6 4. Ba4 Nf6 5. O-O Be7 6. Re1 b5 7. Bb3 O-O 8. a4
b4 9. d3 d6 10. Nbd2 Bg4 11. h3 Bh5 12. g4 Bg6 13. Nf1 Na5 14. Ba2 c5 15. Ne3
Qd7 16. Kg2 Kh8 17. Bd2 h5 18. Nh4 Kh7 19. Nhf5 Bd8 20. Qf3 Rb8 21. Ng3 hxg4
22. hxg4 Kg8 23. Ngf5 b3 24. Bxb3 Nxb3 25. cxb3 Rxb3 26. Nc4 Bc7 27. Rh1 d5 28.
Qh3 Nh7 29. g5 Rd8 30. Na5 Bxa5 31. Bxa5 dxe4 32. Ng3 Qxh3+ 0-1

[Event "Faaker See op 27th"]
[Site "Latschach (13.8.-20.8)"]
[Date "2011.08.17"]
[Round "6.9"]
[White "Guido, Flavio"]
[Black "Jokovic, Dusan"]
[Result "1-0"]
[WhiteElo "2388"]
[BlackElo "2098"]
[PlyCount "71"]
[EventDate "2011.08.13"]
[EventType "swiss"]
[EventRounds "9"]
[EventCountry "AUT"]
[WhiteTeam "ITA (Italien)"]
[BlackTeam "SLO (Slowenien)"]
[WhiteTeamCountry "ITA"]
[BlackTeamCountry "SLO"]

1. e4 c5 2. c3 d5 3. exd5 Qxd5 4. d4 Nf6 5. Nf3 Bg4 6. Be2 e6 7. h3 Bh5 8. Na3
a6 9. Nc2 Nc6 10. O-O Be7 11. c4 Qd8 12. Be3 cxd4 13. Ncxd4 Nxd4 14. Qxd4 O-O
15. Rfd1 Qxd4 16. Bxd4 Rfd8 17. Bb6 Rxd1+ 18. Rxd1 Kf8 19. g4 Bg6 20. Ne5 Ke8
21. Nxg6 hxg6 22. Bf3 Rb8 23. b3 Nd7 24. Bc7 Rc8 25. Bg3 Nc5 26. b4 Na4 27. c5
Nc3 28. Bxb7 Rxc5 29. bxc5 Nxd1 30. c6 Bd8 31. c7 Bxc7 32. Bxc7 Nc3 33. Bxa6
Nxa2 34. Ba5 Kd7 35. Bc4 Nc1 36. Bd2 1-0

[Event "Faaker See op 27th"]
[Site "Latschach (13.8.-20.8)"]
[Date "2011.08.17"]
[Round "6.10"]
[White "Riemelmoser, Franz Dr"]
[Black "Privitera, Franco"]
[Result "1-0"]
[WhiteElo "2308"]
[BlackElo "2083"]
[PlyCount "41"]
[EventDate "2011.08.13"]
[EventType "swiss"]
[EventRounds "9"]
[EventCountry "AUT"]
[WhiteTeam "Simbach SC"]
[BlackTeam "ITA (Italien)"]
[WhiteTeamCountry "GER"]
[BlackTeamCountry "ITA"]

1. c4 Nf6 2. g3 d5 3. cxd5 Nxd5 4. Nc3 Nb6 5. Bg2 g6 6. d3 Bg7 7. Be3 O-O 8.
Qd2 Re8 9. h4 Nc6 10. h5 Be6 11. Bh6 Bh8 12. Nf3 Nd5 13. Ng5 Nxc3 14. Nxe6 Qd6
15. hxg6 fxg6 16. Bh3 Nb5 17. e3 Ne5 18. O-O-O Qd5 19. Kb1 Nf3 20. Qc2 c5 21.
Nf4 1-0

[Event "Faaker See op 27th"]
[Site "Latschach (13.8.-20.8)"]
[Date "2011.08.17"]
[Round "6.11"]
[White "Trevisan, Luigi"]
[Black "Skok, Joze"]
[Result "1/2-1/2"]
[WhiteElo "2147"]
[BlackElo "2004"]
[PlyCount "66"]
[EventDate "2011.08.13"]
[EventType "swiss"]
[EventRounds "9"]
[EventCountry "AUT"]
[WhiteTeam "ITA (Italien)"]
[BlackTeam "SLO (Slowenien)"]
[WhiteTeamCountry "ITA"]
[BlackTeamCountry "SLO"]

1. d4 Nf6 2. Bf4 g6 3. Nf3 Bg7 4. e3 d5 5. Bd3 c5 6. c3 cxd4 7. exd4 O-O 8.
Nbd2 Nc6 9. h3 Bf5 10. Bxf5 gxf5 11. O-O Ne4 12. Re1 Rc8 13. Nf1 e6 14. Re2 Qb6
15. Ne1 Rfd8 16. Nd3 Rd7 17. f3 Bxd4+ 18. cxd4 Nxd4 19. Kh1 Nxe2 20. Qxe2 Qd4
21. fxe4 dxe4 22. Ne5 Rd5 23. Qe1 Kf8 24. Qg3 Rcc5 25. Bh6+ Ke7 26. Qg5+ f6 27.
Qg7+ Kd6 28. Nd7 Rc7 29. Bf4+ e5 30. Qxf6+ Kxd7 31. Qxf5+ Kd6 32. Qf6+ Kd7 33.
Qf5+ Kd6 1/2-1/2

[Event "Faaker See op 27th"]
[Site "Latschach (13.8.-20.8)"]
[Date "2011.08.17"]
[Round "6.12"]
[White "Kwossek, Georg"]
[Black "Saathoff, Richard"]
[Result "1/2-1/2"]
[WhiteElo "1937"]
[BlackElo "2111"]
[PlyCount "55"]
[EventDate "2011.08.13"]
[EventType "swiss"]
[EventRounds "9"]
[EventCountry "AUT"]
[WhiteTeam "Kitzingen SC"]
[BlackTeam "Nürnberg-Süd SW"]
[WhiteTeamCountry "GER"]
[BlackTeamCountry "GER"]

1. d4 Nf6 2. Nf3 g6 3. c4 Bg7 4. Nc3 O-O 5. e4 d6 6. Be2 e5 7. O-O Nc6 8. d5
Ne7 9. b4 Nh5 10. Re1 f5 11. Ng5 Nf6 12. Bf3 c6 13. Bb2 Kh8 14. h4 cxd5 15.
cxd5 h6 16. Ne6 Bxe6 17. dxe6 fxe4 18. Nxe4 Nxe4 19. Rxe4 Rf6 20. h5 Rxe6 21.
Bg4 Rf6 22. f4 Qb6+ 23. Kh2 Qf2 24. fxe5 Qh4+ 25. Kg1 Qf2+ 26. Kh1 Qxb2 27.
exf6 Qxf6 28. Re6 1/2-1/2

[Event "Faaker See op 27th"]
[Site "Latschach (13.8.-20.8)"]
[Date "2011.08.17"]
[Round "6.13"]
[White "Pazlar, Marko"]
[Black "Koch, Markus(06.76)"]
[Result "0-1"]
[WhiteElo "2059"]
[BlackElo "2135"]
[PlyCount "76"]
[EventDate "2011.08.13"]
[EventType "swiss"]
[EventRounds "9"]
[EventCountry "AUT"]
[WhiteTeam "SLO (Slowenien)"]
[BlackTeam "Frankfurt-Brett vor'm Kopp SC"]
[WhiteTeamCountry "SLO"]
[BlackTeamCountry "GER"]

1. Nf3 c5 2. c4 Nf6 3. g3 b6 4. Bg2 Bb7 5. O-O e6 6. Nc3 Be7 7. d4 cxd4 8. Nxd4
Bxg2 9. Kxg2 Qc8 10. Qd3 Nc6 11. b3 Ne5 12. Qd2 Qb7+ 13. Kg1 h5 14. Qf4 d6 15.
h4 Rc8 16. Bb2 a6 17. a4 Bd8 18. Rad1 Bc7 19. e4 Rh6 20. Nf3 Nfg4 21. Ng5 Rf6
22. Qd2 Nf3+ 23. Nxf3 Rxf3 24. Qe2 Ne5 25. Nb1 Rxb3 26. Bxe5 dxe5 27. Qxh5 g6
28. Qe2 Qc6 29. Nd2 Ra3 30. h5 Qc5 31. Kg2 gxh5 32. Qxh5 Rxa4 33. Rh1 Bd6 34.
Qg4 Ra2 35. Rh7 Bf8 36. Qh5 Rc7 37. Rh8 Rd7 38. Qe2 Qd4 0-1

[Event "Faaker See op 27th"]
[Site "Latschach (13.8.-20.8)"]
[Date "2011.08.17"]
[Round "6.15"]
[White "Kern, Guido"]
[Black "Schreiber, Ewald"]
[Result "1-0"]
[WhiteElo "2299"]
[BlackElo "2051"]
[PlyCount "75"]
[EventDate "2011.08.13"]
[EventType "swiss"]
[EventRounds "9"]
[EventCountry "AUT"]
[WhiteTeam "Dinslaken SV"]
[BlackTeam "AUT (Österreich)"]
[WhiteTeamCountry "GER"]
[BlackTeamCountry "AUT"]

1. c4 Nf6 2. Nf3 c5 3. g3 g6 4. b3 Bg7 5. Bb2 O-O 6. Bg2 Nc6 7. O-O d6 8. d4
cxd4 9. Nxd4 Bd7 10. Qd2 Nxd4 11. Bxd4 Bc6 12. Nc3 Qa5 13. Rfd1 Qh5 14. f3 Qf5
15. e4 Qd7 16. Rac1 b6 17. Qe2 Qb7 18. b4 Rac8 19. b5 Bd7 20. e5 dxe5 21. Bxe5
Rcd8 22. f4 Qc8 23. Nd5 Rfe8 24. Bf3 Be6 25. Kg2 Rd7 26. a4 h5 27. Qb2 Qd8 28.
Nc7 Rf8 29. Nxe6 fxe6 30. Qc2 Kf7 31. Bc6 Rxd1 32. Rxd1 Qc8 33. Qc3 Rd8 34. Rd4
Rxd4 35. Qxd4 a6 36. Qxb6 axb5 37. cxb5 Nd7 38. Qc7 1-0

[Event "Faaker See op 27th"]
[Site "Latschach (13.8.-20.8)"]
[Date "2011.08.17"]
[Round "6.16"]
[White "Rodman, Franc"]
[Black "De Nisi, Roberta"]
[Result "1-0"]
[WhiteElo "2143"]
[BlackElo "1964"]
[PlyCount "29"]
[EventDate "2011.08.13"]
[EventType "swiss"]
[EventRounds "9"]
[EventCountry "AUT"]
[WhiteTeam "SLO (Slowenien)"]
[BlackTeam "ITA (Italien)"]
[WhiteTeamCountry "SLO"]
[BlackTeamCountry "ITA"]

1. d4 f5 2. e4 fxe4 3. Nc3 Nf6 4. Bg5 g6 5. f3 exf3 6. Nxf3 d6 7. Bc4 Bf5 8.
Nh4 Bg4 9. Qd3 Qd7 10. O-O Bf5 11. Nxf5 gxf5 12. Rae1 Kd8 13. Bxf6 exf6 14. Nd5
Qg7 15. Qe2 1-0

[Event "Faaker See op 27th"]
[Site "Latschach (13.8.-20.8)"]
[Date "2011.08.17"]
[Round "6.17"]
[White "Nagel, Herbert Dr(54)"]
[Black "Roescheisen, Markus"]
[Result "0-1"]
[WhiteElo "2139"]
[BlackElo "1977"]
[PlyCount "69"]
[EventDate "2011.08.13"]
[EventType "swiss"]
[EventRounds "9"]
[EventCountry "AUT"]
[WhiteTeam "AUT (Österreich)"]
[BlackTeam "Esslingen-RSK TSV"]
[WhiteTeamCountry "AUT"]
[BlackTeamCountry "GER"]

1. c4 e5 2. Nc3 g6 3. g3 Bg7 4. Bg2 Nc6 5. e3 d6 6. Nge2 Nh6 7. O-O O-O 8. d3
Be6 9. Nd5 Qd7 10. Rb1 Rae8 11. Nec3 Nd8 12. e4 f5 13. Qa4 c6 14. Qxa7 f4 15.
Nb6 Qe7 16. f3 Qg5 17. c5 dxc5 18. Nba4 c4 19. d4 exd4 20. Ne2 d3 21. Nxf4 Qe7
22. Be3 Rf7 23. Nc5 Qd6 24. Nfxe6 Nxe6 25. Nxe6 Qxe6 26. Rfd1 Rd7 27. Qc5 b5
28. a4 Qd6 29. f4 Qxc5 30. Bxc5 Bd4+ 31. Bxd4 Rxd4 32. e5 Rc8 33. Kf2 b4 34.
Rbc1 Ng4+ 35. Kg1 0-1

[Event "Faaker See op 27th"]
[Site "Latschach (13.8.-20.8)"]
[Date "2011.08.17"]
[Round "6.18"]
[White "Knoblauch, Leonhard"]
[Black "Stock, Andreas(11.62)"]
[Result "1-0"]
[WhiteElo "2065"]
[BlackElo "2138"]
[PlyCount "91"]
[EventDate "2011.08.13"]
[EventType "swiss"]
[EventRounds "9"]
[EventCountry "AUT"]
[WhiteTeam "Ilmmünster SV"]
[BlackTeam "Pirmasens SC"]
[WhiteTeamCountry "GER"]
[BlackTeamCountry "GER"]

1. e4 c5 2. Nf3 Nc6 3. d4 cxd4 4. Nxd4 g6 5. c4 Nf6 6. Nc3 Nxd4 7. Qxd4 d6 8.
Bg5 Bg7 9. Be2 h6 10. Be3 O-O 11. Qd2 Kh7 12. O-O Be6 13. Rac1 Qa5 14. f4 Rfc8
15. b3 a6 16. Bf3 Rab8 17. Ba7 Ra8 18. Qe3 Nd7 19. f5 Bxc4 20. bxc4 Bxc3 21.
Rxc3 Rxa7 22. fxg6+ fxg6 23. Bg4 Rf8 24. Bxd7 Rxf1+ 25. Kxf1 Ra8 26. Rc2 Qe5
27. Rf2 Rg8 28. g3 Rg7 29. Qf4 Qd4 30. Be6 b5 31. cxb5 axb5 32. Kg2 b4 33. Bd5
Qd3 34. Qd2 Qb5 35. Qe2 Qd7 36. Qc4 h5 37. Rf8 Qg4 38. Be6 Qd1 39. Qxb4 Qe2+
40. Rf2 Qe3 41. a4 h4 42. a5 g5 43. Bf5+ Kh6 44. Qd2 Qb3 45. Qd5 h3+ 46. Kxh3
1-0

[Event "Faaker See op 27th"]
[Site "Latschach (13.8.-20.8)"]
[Date "2011.08.17"]
[Round "6.19"]
[White "Fiorido, Giuseppe"]
[Black "Saxer, Bernhard"]
[Result "1/2-1/2"]
[WhiteElo "2124"]
[BlackElo "1956"]
[PlyCount "29"]
[EventDate "2011.08.13"]
[EventType "swiss"]
[EventRounds "9"]
[EventCountry "AUT"]
[WhiteTeam "ITA (Italien)"]
[BlackTeam "AUT (Österreich)"]
[WhiteTeamCountry "ITA"]
[BlackTeamCountry "AUT"]

1. e4 e5 2. Nf3 d6 3. d4 exd4 4. Qxd4 Nf6 5. Bg5 Be7 6. Nc3 O-O 7. O-O-O c5 8.
Qd2 Nc6 9. Bxf6 Bxf6 10. Nd5 Be6 11. Nxf6+ Qxf6 12. Qg5 Qd8 13. Qxd8 Raxd8 14.
Bb5 Nb4 15. a3 1/2-1/2

[Event "Faaker See op 27th"]
[Site "Latschach (13.8.-20.8)"]
[Date "2011.08.17"]
[Round "6.20"]
[White "Scholvin, Erich"]
[Black "Legat, Albert"]
[Result "1-0"]
[WhiteElo "2058"]
[BlackElo "1933"]
[PlyCount "61"]
[EventDate "2011.08.13"]
[EventType "swiss"]
[EventRounds "9"]
[EventCountry "AUT"]
[WhiteTeam "Hamburger SK"]
[BlackTeam "AUT (Österreich)"]
[WhiteTeamCountry "GER"]
[BlackTeamCountry "AUT"]

1. Nf3 Nf6 2. d4 d5 3. e3 e6 4. Bd3 Nbd7 5. b3 Bd6 6. Bb2 c6 7. O-O O-O 8. Nbd2
Qc7 9. c4 b6 10. Rc1 Re8 11. Bb1 Bb7 12. Re1 g6 13. h3 e5 14. cxd5 Nxd5 15. e4
N5f6 16. Nc4 Bb4 17. Ncxe5 Bxe1 18. Qxe1 c5 19. Nxd7 Qxd7 20. dxc5 Re6 21. Nd4
Rae8 22. Nxe6 Rxe6 23. f3 Qe7 24. b4 bxc5 25. bxc5 Rc6 26. Qc3 Kf8 27. Bd3 a6
28. Bc2 Qc7 29. Ba4 Re6 30. Qd4 Bc6 31. Bb3 1-0

[Event "Faaker See op 27th"]
[Site "Latschach (13.8.-20.8)"]
[Date "2011.08.17"]
[Round "6.21"]
[White "Tarmann, Johannes"]
[Black "Hafner, Robert"]
[Result "1/2-1/2"]
[WhiteElo "2019"]
[BlackElo "2113"]
[PlyCount "56"]
[EventDate "2011.08.13"]
[EventType "swiss"]
[EventRounds "9"]
[EventCountry "AUT"]
[WhiteTeam "AUT (Österreich)"]
[BlackTeam "AUT (Österreich)"]
[WhiteTeamCountry "AUT"]
[BlackTeamCountry "AUT"]

1. Nf3 d5 2. b3 Nf6 3. Bb2 Bf5 4. e3 e6 5. Be2 h6 6. O-O Be7 7. c4 c6 8. d4 O-O
9. Nc3 Nbd7 10. Nd2 Qb6 11. Re1 Rfe8 12. h3 Rad8 13. c5 Qc7 14. f4 b6 15. b4 a5
16. a3 Ra8 17. cxb6 Qxb6 18. b5 Rec8 19. Rc1 cxb5 20. Nxb5 Rxc1 21. Qxc1 Qb7
22. Qc7 Qxc7 23. Nxc7 Rb8 24. Nb5 Nb6 25. Rc1 Ne4 26. Nxe4 Bxe4 27. Rc7 Bd8 28.
Rc6 Kh7 1/2-1/2

[Event "Faaker See op 27th"]
[Site "Latschach (13.8.-20.8)"]
[Date "2011.08.17"]
[Round "6.22"]
[White "Sorcnik, Franc"]
[Black "Sentug, Halil"]
[Result "1-0"]
[WhiteElo "2113"]
[BlackElo "1931"]
[PlyCount "79"]
[EventDate "2011.08.13"]
[EventType "swiss"]
[EventRounds "9"]
[EventCountry "AUT"]
[WhiteTeam "SLO (Slowenien)"]
[BlackTeam "TUR (Türkei)"]
[WhiteTeamCountry "SLO"]
[BlackTeamCountry "TUR"]

1. e4 e6 2. d4 d5 3. Nd2 dxe4 4. Nxe4 Bd7 5. Nf3 Bc6 6. Bd3 Nd7 7. Qe2 Ngf6 8.
Bd2 Nxe4 9. Bxe4 Bxe4 10. Qxe4 c6 11. O-O-O Nf6 12. Qe2 Qc7 13. Kb1 Bd6 14. h3
Bf4 15. g3 Bxd2 16. Rxd2 O-O-O 17. Rhd1 Rhe8 18. Ne5 Kb8 19. Rd3 Nd5 20. c4 Nb6
21. c5 Nc8 22. f4 f6 23. Nf3 Qf7 24. Re3 Qg6+ 25. Ka1 Qxg3 26. Ng5 Qxf4 27.
Rxe6 fxg5 28. Rxe8 Rxd4 29. Rf1 Rd2 30. Rxf4 Rxe2 31. Rff8 Rxe8 32. Rxe8 Kc7
33. Rg8 Ne7 34. Rxg7 Kd7 35. Rxg5 b6 36. Rh5 bxc5 37. Rxh7 Ke6 38. Rxe7+ Kxe7
39. Kb1 Kd6 40. Kc2 1-0